[Event "Eastern Asia-ch U12 Girls"]
[Site "Tornelo INT"]
[Date "2021.10.23"]
[Round "6"]
[White "Nguyen, Kim Ngan Hau"]
[Black "Pournami, S."]
[Result "0-1"]
[WhiteElo "1558"]
[BlackElo "1155"]
[PlyCount "72"]
[EventDate "2021.10.22"]
[EventType "swiss"]
[EventRounds "9"]
[EventCountry "NET"]
[SourceTitle "EXT 2023"]
[Source "ChessBase"]
[SourceDate "2022.10.05"]
[SourceVersion "1"]
[SourceVersionDate "2022.10.05"]
[SourceQuality "1"]

1. e4 c5 2. Nc3 e6 3. d3 d5 4. e5 Nc6 5. f4 Be7 6. Nf3 Nh6 7. g3 0-0 8. Bg2 Qb6 9. 0-0 c4+ 10. d4 Nf5 11. Ne2 Bd7 12. g4 Nh4 13. Nxh4 Bxh4 14. c3 f6 15. Qc2 fxe5 16. fxe5 Rxf1+ 17. Bxf1 Nxe5 18. Bf4 Nxg4 19. Ng3 Rf8 20. Qd2 e5 21. Be3 Rf3 22. Be2 Rxe3 23. Bxg4 Bg5 24. Qd1 Rd3 25. Qe2 Bxg4 26. Qxg4 exd4 27. Qxg5 dxc3+ 28. Kh1 cxb2 29. Rb1 h6 30. Qg4 Qf2 31. Rf1 Rxg3 32. Qc8+ Kh7 33. hxg3 Qxf1+ 34. Kh2 b1Q 35. g4 Qc2+ 36. Kg3 Qff2+ 0-1